Sociálne dávky z daňového hľadiska a daňový bonus

Príjmy z tzv. sociálnych dávok sú príjmami, ktoré sú z väčšej časti oslobodené od dane z príjmov fyzických osôb. Keďže sa v praxi rozvírila diskusia o zdanení, resp. oslobodení týchto dávok, a to hlavne v súvislosti s ich vyplácaním zo zahraničia, v nasledujúcom príspevku si uvedieme riešenie týchto...

Full description

Saved in:
Bibliographic Details
Main Author: Brnová, Miroslava
Format: Book Chapter
Language:Slovak
Subjects:
Tags: Add Tag
No Tags, Be the first to tag this record!

MARC

LEADER 00000naa a2200000 4500
001 0313100
005 20251107100432.6
041 0 |a slo 
044 |a SK 
245 1 0 |a Sociálne dávky z daňového hľadiska a daňový bonus  |c Miroslava Brnová 
520 |a Príjmy z tzv. sociálnych dávok sú príjmami, ktoré sú z väčšej časti oslobodené od dane z príjmov fyzických osôb. Keďže sa v praxi rozvírila diskusia o zdanení, resp. oslobodení týchto dávok, a to hlavne v súvislosti s ich vyplácaním zo zahraničia, v nasledujúcom príspevku si uvedieme riešenie týchto otázok z pohľadu daní. Článok sa tiež venuje daňovému bonusu, ktorý, ktorý svojím charakterom má tiež napomáhať podpore rodiny prostredníctvom takejto možnosti zníženia dane, resp. jeho vyplatenia oprávnenej osobe, ktorou je väčšinou rodič vyživovaného dieťaťa 
610 2 0 |a dane 
610 2 0 |a dávky sociálne 
610 2 0 |a príjmy 
610 2 0 |a bonus daňový 
100 1 |a Brnová, Miroslava